<?xml version="1.0" encoding="UTF-8"?><?xml-stylesheet type="text/xsl" href="static/style.xsl"?><OAI-PMH xmlns="http://www.openarchives.org/OAI/2.0/" xmlns:xsi="http://www.w3.org/2001/XMLSchema-instance" xsi:schemaLocation="http://www.openarchives.org/OAI/2.0/ http://www.openarchives.org/OAI/2.0/OAI-PMH.xsd"><responseDate>2026-06-04T04:53:43Z</responseDate><request verb="GetRecord" identifier="oai:recam.amb.cat:20.500.14439/4720" metadataPrefix="marc">https://recam.amb.cat/rest/oai/request</request><GetRecord><record><header><identifier>oai:recam.amb.cat:20.500.14439/4720</identifier><datestamp>2026-04-23T23:45:58Z</datestamp><setSpec>com_20.500.14439_2794</setSpec><setSpec>com_20.500.14439_113</setSpec><setSpec>col_20.500.14439_4201</setSpec></header><metadata><record xmlns="http://www.loc.gov/MARC21/slim" xmlns:dcterms="http://purl.org/dc/terms/" xmlns:xsi="http://www.w3.org/2001/XMLSchema-instance" xmlns:doc="http://www.lyncode.com/xoai" xsi:schemaLocation="http://www.loc.gov/MARC21/slim http://www.loc.gov/standards/marcxml/schema/MARC21slim.xsd">
   <leader>00925njm 22002777a 4500</leader>
   <datafield ind2=" " ind1=" " tag="042">
      <subfield code="a">dc</subfield>
   </datafield>
   <datafield ind2=" " ind1=" " tag="720">
      <subfield code="a">Institut d'Estudis Regionals i Metropolitans de Barcelona</subfield>
      <subfield code="e">author</subfield>
   </datafield>
   <datafield ind2=" " ind1=" " tag="260">
      <subfield code="c">2002-06-01</subfield>
   </datafield>
   <datafield ind2=" " ind1=" " tag="520">
      <subfield code="a">L'objectiu d'aquest informe és aproximar-se al coneixement de l'estructura urbana europea i, en concret, dels seus pols principals, les aglomeracions metropolitanes originades per l'expansió urbanística i funcional de les ciutats tradicionals més enllà dels seus termes administratius. Avui són aquests grans conjunts urbans els que concentren la major part de la població i de les activitats, els que aglutinen i dinamitzen els respectius entorns regionals i nacionals, i els que operen com a nodes d'una xarxa mundial de relacions cada vegada més interconnectada.
La diversitat de denominacions per a descriure aquests conjunts (àrees, conurbacions, regions, aglomeracions, metròpolis ...) il·lustra ja la complexitat del fenomen i les dificultats d'abordar-lo amb plantejaments homogenis i d'abast universal. Els nombrosos estudis sobre la qüestió i la seva varietat d'enfocaments conceptuals i metodològics (criteris físics, socioeconòmics, funcionals, administratius, etc.) ho confirmen a bastament.
La finalitat d'aquest estudi se circumscriu a la identificació de les concentracions urbanes europees, la seva delimitació física i la corresponent determinació de les seves dimensions bàsiques. A més de I'interès propi que això ja té per a unes primeres comparacions entre les diferents realitats urbanes, constitueix un pas previ imprescindible per a d'altres possibles estudis més complets.</subfield>
   </datafield>
   <datafield ind1="8" ind2=" " tag="024">
      <subfield code="a">8488068670</subfield>
   </datafield>
   <datafield ind1="8" ind2=" " tag="024">
      <subfield code="a">https://hdl.handle.net/20.500.14439/4720</subfield>
   </datafield>
   <datafield ind1="8" ind2=" " tag="024">
      <subfield code="a">B 20447-2002</subfield>
   </datafield>
   <datafield tag="653" ind2=" " ind1=" ">
      <subfield code="a">Expansió territorial</subfield>
   </datafield>
   <datafield tag="653" ind2=" " ind1=" ">
      <subfield code="a">Aglutinació</subfield>
   </datafield>
   <datafield ind2="0" ind1="0" tag="245">
      <subfield code="a">Grans aglomeracions metropolitans europees. Papers, 37</subfield>
   </datafield>
</record></metadata></record></GetRecord></OAI-PMH>